000 00821nam0a22002651 4500
001 RU\NLR\INFOCOMM15\ROSSICA\1000001294
005 20250613190732.0
035 _a(NLR Aleph) 009919670
090 _a10660442
_c10660442
100 _a20030423d1865 |||y0rusy50 ca
101 0 _ager
102 _aRU
105 _ay ||||000ay
200 1 _aElegie auf den Tod S.K. Hoheit des in Gott ruhender Thronfolgers Cäsarewitch Grossfürsten Nic-Alexandrowitsch
_fVon Dr. Chr. Fr. Walter
210 _aSt.Petersburg
_d1865
215 _d
600 0 _aNikolaj Aleksandrovič
_cцесаревич
_f1843-1865
_2PSBO
700 1 _aWalter
_bCh.F.
_gChr. Fr.
_4070
801 1 _aRU
_bInfoComm
_c20030423
801 0 _aRU
_bNLR
_gPSBO
852 _aNLR
_j21.5.1.838
942 _cBOOK
980 _aNB
980 _aRossica